| 000 | 00000nam##2200000za#4500 |
| 001 | 9.665455 |
| 003 | CaOODSP |
| 005 | 20210615122236 |
| 007 | ta |
| 008 | 150407|2004||||xxc||||| f|0| 0 eng|d |
| 020 | |a0-662-68140-1 |
| 040 | |aCaOODSP|beng |
| 041 | |aeng |
| 041 | |afre |
| 043 | |an-cn--- |
| 086 | 1 |aSW21-111/2004 |
| 110 | 1 |aCanada.|bStatus of Women Canada. |bPolicy Research. |
| 245 | 10|aEngendering Canadian trade policy : |ba case study of labour mobility in trade agreements / |cby Chantal Blouin ... [et al.] |
| 260 | |aOttawa - Ontario : |bStatus of Women Canada. |c2004. |
| 300 | |aEnglish text, x, 119, 14p. : |bgraphs, tables ; |c28 cm. |
| 504 | |aBibliography. |
| 520 | 3 |aThis study examines Canada's commitments under labour mobility agreements associated with the North American Free Trade Agreement (Chapter 16) and the General Agreement on Trade in Services (mode 4) from a gender equality perspective. |
| 563 | |aSoftcover |
| 590 | |a04-50|b2004-12-10 |
| 690 | 07|aGender equality|2gcpds |
| 690 | 07|aLabour mobility|2gcpds |
| 690 | 07|aTrade agreements|2gcpds |
| 690 | 07|aTrade policy|2gcpds |
| 720 | 1 |aBlouin, Chantal |
| 776 | 0#|tIntégration des considérations liées à l'égalité entre les sexes dans la politique commerciale du Canada : |w(CaOODSP)9.631411 |
| 776 | 0#|tEngendering Canadian trade policy : |w(CaOODSP)9.686947 |
| 792 | |tIntégration des considérations liées à l'égalité entre les sexes dans la politique commerciale du Canada : |efre|w(CaOODSP)9.665456 |